[Event "LSS BI-2008-F-00012"]
[White "Boyd, Bruce"]
[Black "Blair, Matthew"]
[Site "LSS email"]
[Round "?"]
[Result "1-0"]
[Date "2009.03.02"]
[WhiteElo "1644"]
[BlackElo "1699"]
[PlyCount "199"]
[EventDate "2009.03.03"]
[EventType "tourn (corr)"]
[EventRounds "10"]
[EventCountry "GER"]
[SourceTitle "Corr 2013"]
[Source "ChessBase"]
[SourceDate "2012.11.12"]
[SourceVersion "1"]
[SourceVersionDate "2012.11.12"]
[SourceQuality "1"]
[WhiteTeam "US of America"]
[BlackTeam "US of America"]
[WhiteTeamCountry "USA"]
[BlackTeamCountry "USA"]

1. d4 Nf6 2. c4 g6 3. Nc3 Bg7 4. e4 d6 5. Nf3 0-0 6. Be2 e5 7. dxe5 dxe5 8. Qxd8 Rxd8 9. Bg5 Rf8 10. Nxe5 Nxe4 11. Nxe4 Bxe5 12. 0-0-0 Nc6 13. f4 Bd4 14. Nf6+ Kg7 15. Nd5 f6 16. Bh4 Bf5 17. Bf3 Rae8 18. Rhe1 Rxe1 19. Bxe1 g5 20. fxg5 fxg5 21. Nxc7 Be5 22. Bg3 Bxg3 23. hxg3 Ne5 24. Rd5 Nxc4 25. g4 Rc8 26. Rc5 Ne5 27. Kd2 Nc6 28. Rxf5 Rxc7 29. Rxg5+ Kf6 30. Rc5 Rd7+ 31. Ke3 Ne5 32. g5+ Kf5 33. Be4+ Ke6 34. Rc8 Kd6 35. b3 b6 36. Rg8 Re7 37. g3 Kc5 38. a3 Kd6 39. Rd8+ Kc7 40. Rh8 Ng6 41. Ra8 Kd6 42. Rd8+ Ke5 43. Rd5+ Ke6 44. Rd1 Rg7 45. g4 Ne7 46. Kf4 Rf7+ 47. Kg3 Ke5 48. Re1 Kd4 49. b4 Rg7 50. Re2 Ng6 51. Bf5 Kc4 52. Re3 Rc7 53. Kf3 Kd5 54. Kf2 Rg7 55. Rc3 Ne7 56. Kf3 Kd4 57. Rd3+ Ke5 58. Be4 Rf7+ 59. Ke3 Rf4 60. Bf3 Rf7 61. Rd2 Rg7 62. Rd8 Ke6 63. Rh8 Ng6 64. Re8+ Ne7 65. Kf4 Rf7+ 66. Kg3 Ke5 67. Bc6 Rg7 68. Kf3 Kd4 69. Rd8+ Ke5 70. Be4 Rf7+ 71. Ke3 Rf4 72. Bf3 Rf7 73. b5 Rg7 74. a4 Ng6 75. Rd5+ Ke6 76. Be4 Ne7 77. Rd4 Ng6 78. Rd8 Ke7 79. Rc8 Kd6 80. Kd4 Ne7 81. g6 Nxg6 82. Rc6+ Kd7 83. Bf5+ Kd8 84. Bxg6 hxg6 85. g5 Kd7 86. Ke5 Re7+ 87. Kf6 Re4 88. Kxg6 Rxa4 89. Kf7 Rb4 90. g6 Rxb5 91. g7 Kxc6 92. g8Q a5 93. Ke6 Rb4 94. Qg2+ Kb5 95. Qd5+ Ka4 96. Qa2+ Kb5 97. Kd6 Rd4+ 98. Kc7 a4 99. Qb1+ Rb4 100. Qd3+ 1-0

[Event "LSS BI-2008-F-00012"]
[White "Boyd, Bruce"]
[Black "Pehl, Jozsef"]
[Site "LSS email"]
[Round "?"]
[Result "1/2-1/2"]
[Date "2009.03.02"]
[WhiteElo "1423"]
[BlackElo "1614"]
[PlyCount "60"]
[EventDate "2009.03.03"]
[EventType "tourn (corr)"]
[EventRounds "10"]
[EventCountry "GER"]
[SourceTitle "Corr 2011"]
[Source "ChessBase"]
[SourceDate "2010.08.31"]
[SourceVersion "1"]
[SourceVersionDate "2010.08.31"]
[SourceQuality "1"]

1. e4 c5 2. Nc3 Nc6 3. Nf3 d6 4. d4 cxd4 5. Nxd4 Nf6 6. Bg5 e6 7. Qd2 Be7 8. Rd1 0-0 9. Be2 d5 10. exd5 Nxd5 11. Bxe7 Qxe7 12. 0-0 Nxc3 13. Qxc3 Bd7 14. Qe3 e5 15. Nb5 Be6 16. c4 Rfd8 17. Rxd8+ Qxd8 18. h3 a6 19. Nc3 Qa5 20. a3 Rd8 21. f4 f6 22. Nd5 Bxd5 23. b4 Qc7 24. cxd5 Nd4 25. Bd3 Qd6 26. fxe5 fxe5 27. Qf2 Rd7 28. h4 b5 29. h5 Rc7 30. Be4 Ra7 1/2-1/2

[Event "LSS WC-2013-P-00016"]
[White "Boyd, Bruce"]
[Black "Leemans, Robert"]
[Site "LSS email"]
[Round "?"]
[Result "0-1"]
[Date "2009.02.14"]
[WhiteElo "1623"]
[BlackElo "2182"]
[PlyCount "108"]
[EventDate "2009.02.18"]
[EventType "tourn (corr)"]
[EventRounds "6"]
[EventCountry "GER"]
[SourceTitle "Corr 2011"]
[Source "ChessBase"]
[SourceDate "2010.08.31"]
[SourceVersion "1"]
[SourceVersionDate "2010.08.31"]
[SourceQuality "1"]

1. d4 Nf6 2. c4 e6 3. Nf3 b6 4. Nc3 Bb7 5. Bg5 h6 6. Bh4 Be7 7. e3 0-0 8. Bd3 c5 9. 0-0 Nc6 10. Rc1 cxd4 11. exd4 d5 12. b3 Rc8 13. Re1 dxc4 14. bxc4 Nb4 15. Bf1 Re8 16. Ne5 Nc6 17. Nxc6 Bxc6 18. a4 Qd7 19. Qd3 Red8 20. Red1 Bxa4 21. Nxa4 Qxa4 22. Ra1 Qd7 23. Bg3 Nh5 24. Be5 f6 25. Bg3 Nxg3 26. Qxg3 f5 27. Ra2 Bc5 28. Rad2 Bb4 29. Rb2 a5 30. Qe3 e5 31. Qxe5 Bc3 32. Rb5 Bxd4 33. Qd5+ Qxd5 34. Rxd5 Rxd5 35. cxd5 Bc5 36. Bb5 Bd6 37. Bc6 Kf7 38. h3 Bb4 39. Rd3 Ke7 40. Rg3 g5 41. h4 f4 42. Rg4 Kf6 43. g3 Bd6 44. Kg2 Rb8 45. Bb5 Ra8 46. Bc6 Ra7 47. Ba4 b5 48. Bxb5 a4 49. gxf4 Bxf4 50. Bc4 Rc7 51. Be2 a3 52. hxg5+ hxg5 53. d6 Rc3 54. d7 Ke7 0-1

[Event "LSS WC-2013-P-00016"]
[White "Dorer, Manfred"]
[Black "Boyd, Bruce"]
[Site "LSS email"]
[Round "?"]
[Result "1-0"]
[Date "2009.02.14"]
[WhiteElo "2211"]
[BlackElo "1423"]
[PlyCount "75"]
[EventDate "2009.02.18"]
[EventType "tourn (corr)"]
[EventRounds "6"]
[EventCountry "GER"]
[SourceTitle "Corr 2011"]
[Source "ChessBase"]
[SourceDate "2010.08.31"]
[SourceVersion "1"]
[SourceVersionDate "2010.08.31"]
[SourceQuality "1"]

1. e4 c5 2. Nf3 g6 3. d4 cxd4 4. Nxd4 Nc6 5. Nc3 Bg7 6. Be3 Nf6 7. Bc4 0-0 8. Bb3 d6 9. f3 Bd7 10. Qd2 Ne5 11. 0-0-0 Rc8 12. Kb1 a5 13. a4 Nc4 14. Bxc4 Rxc4 15. b3 Rc8 16. g4 Qc7 17. Ndb5 Nxe4 18. Nxe4 Bxb5 19. axb5 d5 20. Nc5 d4 21. Bxd4 Bxd4 22. Qxd4 e5 23. Qe4 Qxc5 24. Rd5 Qc7 25. Rhd1 a4 26. bxa4 Qc3 27. Qd3 Qb4+ 28. Qb3 Qf4 29. a5 Rc4 30. c3 Kg7 31. Rd8 Rxd8 32. Rxd8 Rc5 33. Rd5 Rc8 34. Kb2 Qxf3 35. Rxe5 Qxg4 36. Qd5 Qh3 37. Qd4 Kh8 38. Re8# 1-0

[Event "LSS CP-2008-P-00040"]
[White "Boyd, Bruce"]
[Black "Hrubaru, Mircea"]
[Site "LSS email"]
[Round "?"]
[Result "1-0"]
[Date "2008.10.01"]
[WhiteElo "1425"]
[BlackElo "2009"]
[PlyCount "107"]
[EventDate "2008.10.01"]
[EventType "tourn (corr)"]
[EventRounds "6"]
[EventCountry "GER"]
[SourceTitle "Corr 2011"]
[Source "ChessBase"]
[SourceDate "2010.08.31"]
[SourceVersion "1"]
[SourceVersionDate "2010.08.31"]
[SourceQuality "1"]

1. d4 d5 2. c4 c6 3. Nf3 Nf6 4. Nc3 Qb6 5. Qc2 Bg4 6. cxd5 cxd5 7. e4 Nc6 8. Ne5 Qxd4 9. Nxc6 bxc6 10. Nxd5 Rb8 11. Nc7+ Kd8 12. Na6 Rb7 13. Nc5 Rb6 14. f3 e6 15. Nb3 Bb4+ 16. Ke2 Qe5 17. Kf2 Bh5 18. Be3 Ke7 19. Be2 Rc8 20. Bd4 Qc7 21. e5 Nd5 22. Qxh7 Bg6 23. Qxg7 Kd7 24. Rac1 Bf8 25. Nc5+ Bxc5 26. Rxc5 Qb8 27. Qh6 Rxb2 28. Bxb2 Qxb2 29. Rd1 Qxe5 30. Ra5 Rc7 31. Ra3 Qd6 32. Rc3 Rb7 33. Kg1 Rb2 34. Bf1 Qb4 35. Rc4 Qb6+ 36. Kh1 Rxa2 37. Rdc1 Rf2 38. Qf8 Qa6 39. Qc5 Rxf1+ 40. Rxf1 Bd3 41. Rfc1 Bxc4 42. Qxc4 Qb6 43. h4 Kd6 44. h5 Qe3 45. Qxc6+ Ke5 46. Qc8 Kf5 47. Rd1 Nc3 48. Ra1 Qd4 49. g4+ Kg5 50. Ra5+ Kf4 51. Kg2 Qd2+ 52. Kh3 Kxf3 53. Qb7+ Nd5 54. Ra3+ 1-0

[Event "LSS CP-2008-P-00040"]
[White "Boyd, Bruce"]
[Black "Kolus, Wojciech"]
[Site "LSS email"]
[Round "?"]
[Result "1-0"]
[Date "2008.10.01"]
[WhiteElo "1618"]
[BlackElo "800"]
[PlyCount "119"]
[EventDate "2008.10.01"]
[EventType "tourn (corr)"]
[EventRounds "6"]
[EventCountry "GER"]
[SourceTitle "Telechess CBM 137"]
[Source "ChessBase"]
[SourceDate "2010.07.15"]
[SourceVersion "1"]
[SourceVersionDate "2010.07.15"]
[SourceQuality "1"]

1. e4 e5 2. Nf3 Nc6 3. Bb5 a6 4. Ba4 Nf6 5. 0-0 Be7 6. Re1 b5 7. Bb3 d6 8. c3 0-0 9. h3 Na5 10. Bc2 c5 11. d4 Qc7 12. Bg5 h6 13. Bh4 Be6 14. d5 Bd7 15. b3 Nb7 16. Nbd2 Rfc8 17. a4 Rcb8 18. axb5 axb5 19. Bd3 Na5 20. Qc2 Rc8 21. Be2 Qd8 22. Bg3 b4 23. Ra2 c4 24. Nxc4 bxc3 25. Bd3 Nxc4 26. bxc4 Rxa2 27. Qxa2 Ra8 28. Qc2 Qa5 29. Rc1 Nh5 30. Kh2 Nxg3 31. fxg3 Qc5 32. Qxc3 Ra3 33. Qd2 Bd8 34. Rb1 Bb6 35. Be2 Qf2 36. Bd1 Kf8 37. Qxf2 Bxf2 38. Rb7 Ke7 39. g4 Ra2 40. h4 Kd8 41. Rb8+ Bc8 42. Rb1 Kc7 43. g5 Be3 44. Kh1 Bd7 45. Bb3 Rf2 46. Ra1 h5 47. Kh2 Re2 48. Re1 Bf4+ 49. Kg1 Rb2 50. Bd1 Bg3 51. Rf1 g6 52. Kh1 Be8 53. Ne1 Bxh4 54. Nf3 Bg3 55. Ng1 Kb6 56. Ne2 Bh4 57. Nc3 Rb4 58. Be2 Bxg5 59. Kg1 Kc5 60. Rf3 1-0

[Event "LSS OP-2008-0-00554"]
[White "Boyd, Bruce"]
[Black "Jovanovic, Bratislav"]
[Site "LSS email"]
[Round "?"]
[Result "1/2-1/2"]
[Date "2008.06.10"]
[WhiteElo "1369"]
[BlackElo "1867"]
[PlyCount "44"]
[EventDate "2008.06.08"]
[EventType "tourn (corr)"]
[EventRounds "4"]
[EventCountry "GER"]
[SourceTitle "Corr 2011"]
[Source "ChessBase"]
[SourceDate "2010.08.31"]
[SourceVersion "1"]
[SourceVersionDate "2010.08.31"]
[SourceQuality "1"]

1. d4 e6 2. e4 d5 3. Nc3 Nf6 4. Bg5 Be7 5. e5 Nfd7 6. Bxe7 Qxe7 7. f4 a6 8. Nf3 c5 9. Qd2 Nc6 10. dxc5 Qxc5 11. Bd3 b5 12. a3 Bb7 13. Ne2 Nb6 14. b4 Qe7 15. 0-0 Nc4 16. Bxc4 dxc4 17. Nc3 0-0 18. Qe3 Qc7 19. Qc5 Rac8 20. a4 bxa4 21. Ng5 a5 22. bxa5 Ra8 1/2-1/2

[Event "LSS BI-2008-P-00010"]
[White "Ermolaev, Andrey Stanislavovi"]
[Black "Boyd, Bruce"]
[Site "LSS email"]
[Round "?"]
[Result "1-0"]
[Date "2008.04.27"]
[WhiteElo "2090"]
[BlackElo "1347"]
[PlyCount "47"]
[EventDate "2008.04.27"]
[EventType "tourn (corr)"]
[EventRounds "10"]
[EventCountry "GER"]
[SourceTitle "Corr 2011"]
[Source "ChessBase"]
[SourceDate "2010.08.31"]
[SourceVersion "1"]
[SourceVersionDate "2010.08.31"]
[SourceQuality "1"]

1. e4 e5 2. Nf3 Nc6 3. d4 exd4 4. Nxd4 Nf6 5. Nxc6 bxc6 6. e5 Qe7 7. Qe2 Nd5 8. c4 Ba6 9. b3 g6 10. f4 Bg7 11. Qf2 Nb4 12. a3 Bxe5 13. fxe5 Qxe5+ 14. Qe2 Nc2+ 15. Kf2 Qxe2+ 16. Bxe2 Nxa1 17. Bb2 0-0 18. Bxa1 f5 19. Nd2 Rfe8 20. b4 Re5 21. Bxe5 d6 22. Bf4 Bb7 23. Bf3 Rb8 24. c5 1-0

[Event "LSS BI-2008-P-00010"]
[White "Sagi, Raju"]
[Black "Boyd, Bruce"]
[Site "LSS email"]
[Round "?"]
[Result "0-1"]
[Date "2008.04.27"]
[WhiteElo "421"]
[BlackElo "1347"]
[PlyCount "64"]
[EventDate "2008.04.27"]
[EventType "tourn (corr)"]
[EventRounds "10"]
[EventCountry "GER"]
[SourceTitle "Corr 2011"]
[Source "ChessBase"]
[SourceDate "2010.08.31"]
[SourceVersion "1"]
[SourceVersionDate "2010.08.31"]
[SourceQuality "1"]

1. d4 Nf6 2. Nf3 e6 3. Nc3 Bb4 4. g3 c5 5. Bd2 cxd4 6. Nxd4 Nc6 7. Bg2 Nxd4 8. a3 Be7 9. 0-0 d5 10. e3 Nc6 11. Re1 0-0 12. e4 d4 13. e5 dxc3 14. Bxc3 Qxd1 15. Raxd1 Nd5 16. Bxd5 exd5 17. Rxd5 Bf5 18. Re2 Rad8 19. Red2 Rxd5 20. Rxd5 Rd8 21. Rxd8+ Bxd8 22. b4 b5 23. h4 Bb6 24. Kg2 Nd4 25. Be1 Nxc2 26. Bc3 Be4+ 27. f3 Bd5 28. Bd2 h5 29. Bg5 Nxa3 30. Be7 Nc4 31. Bc5 Bxc5 32. bxc5 b4 0-1

[Event "LSS CP-2006-Q-00002"]
[White "Burkett, Max"]
[Black "Boyd, Bruce"]
[Site "LSS email"]
[Round "?"]
[Result "1-0"]
[Date "2008.01.15"]
[WhiteElo "2149"]
[BlackElo "1347"]
[PlyCount "93"]
[EventDate "2008.01.15"]
[EventType "tourn (corr)"]
[EventRounds "6"]
[EventCountry "GER"]
[SourceTitle "Corr 2011"]
[Source "ChessBase"]
[SourceDate "2010.08.31"]
[SourceVersion "1"]
[SourceVersionDate "2010.08.31"]
[SourceQuality "1"]

1. e4 c5 2. Nf3 g6 3. d4 cxd4 4. Nxd4 Nc6 5. Nc3 Bg7 6. Be3 Nf6 7. Bc4 0-0 8. Bb3 a5 9. f3 d5 10. exd5 Nb4 11. Nde2 a4 12. Nxa4 Nfxd5 13. Bd4 Bxd4 14. Qxd4 Bf5 15. Nac3 Qa5 16. 0-0-0 e5 17. Qd2 Nxc3 18. Nxc3 Rac8 19. Kb1 Rxc3 20. bxc3 Bxc2+ 21. Ka1 Bxb3 22. cxb4 Qa7 23. Rb1 Bc4 24. Rb2 Ra8 25. h4 f6 26. b5 Qb6 27. Rd1 Qe6 28. b6 e4 29. fxe4 Qxe4 30. Qd6 Qxh4 31. Qe7 Qh5 32. Rdd2 Bd5 33. Qxf6 Bf7 34. Rd8+ Rxd8 35. Qxd8+ Kg7 36. Rd2 Qh1+ 37. Kb2 Qe1 38. Qd4+ Kg8 39. Qf4 Qe7 40. a4 h5 41. Rf2 Bd5 42. Qb8+ Kh7 43. Qc7 Qg7+ 44. Qxg7+ Kxg7 45. Kc3 Bc6 46. Kb4 h4 47. a5 1-0

[Event "IECC Swiss-501.4"]
[White "Boyd, Bruce"]
[Black "Vertenten, Leo"]
[Site "IECC email"]
[Round "?"]
[Result "1-0"]
[Date "2007.04.21"]
[WhiteElo "1600"]
[BlackElo "1381"]
[PlyCount "49"]
[EventDate "2007.??.??"]
[EventType "swiss (corr)"]
[EventRounds "1"]
[SourceTitle "Corr 2011"]
[Source "ChessBase"]
[SourceDate "2010.08.31"]
[SourceVersion "1"]
[SourceVersionDate "2010.08.31"]
[SourceQuality "1"]
[WhiteTeam "Australia"]
[BlackTeam "Belgium"]
[WhiteTeamCountry "AUS"]
[BlackTeamCountry "BEL"]

1. d4 g6 2. c4 d6 3. Nf3 Nf6 4. Nc3 c6 5. e4 Bg4 6. Be2 Bxf3 7. Bxf3 Nbd7 8. Be3 e5 9. 0-0 Bg7 10. d5 c5 11. a3 a6 12. Qd2 Qc7 13. Be2 Nb6 14. Rad1 0-0-0 15. Rb1 Nfd7 16. b4 Kb8 17. Rb2 Bf8 18. Rfb1 Ka7 19. a4 Rb8 20. bxc5 Nxc5 21. Nb5+ axb5 22. Qa5+ Na6 23. cxb5 Be7 24. bxa6 Ra8 25. Bxb6+ 1-0

[Event "IECG CP.2006.P.00021 email"]
[White "Baci, Vedran"]
[Black "Boyd, Bruce"]
[Site "IECG email"]
[Round "?"]
[Result "0-1"]
[Date "2006.10.01"]
[WhiteElo "1845"]
[BlackElo "800"]
[PlyCount "96"]
[EventDate "2006.10.01"]
[EventType "tourn (corr)"]
[EventRounds "6"]
[SourceTitle "Corr 2011"]
[Source "ChessBase"]
[SourceDate "2010.08.31"]
[SourceVersion "1"]
[SourceVersionDate "2010.08.31"]
[SourceQuality "1"]

1. e4 c5 2. Nf3 g6 3. d4 cxd4 4. Qxd4 Nf6 5. Nc3 Nc6 6. Qa4 d6 7. e5 dxe5 8. Nxe5 Bd7 9. Nxd7 Qxd7 10. Be3 Bg7 11. Rd1 Qc7 12. Be2 0-0 13. 0-0 Rfd8 14. g3 a6 15. Qc4 Rxd1 16. Rxd1 Rd8 17. Rxd8+ Qxd8 18. Kg2 Qd7 19. h3 e6 20. a4 h6 21. b4 Nd5 22. Nxd5 exd5 23. Qb3 d4 24. Bd2 Qe7 25. Bf1 Qe4+ 26. f3 Qe7 27. b5 axb5 28. axb5 Ne5 29. Bb4 Qd8 30. f4 Nd7 31. Qd5 Qc7 32. Bd3 Nb6 33. Qd6 Qxd6 34. Bxd6 Nd5 35. Kf3 Nc3 36. b6 Bf6 37. f5 gxf5 38. Bc7 Be7 39. Bxf5 Bc5 40. Be4 Na4 41. Bxb7 Nxb6 42. Ke4 h5 43. Kd3 Na4 44. Bf3 Nb2+ 45. Ke4 h4 46. gxh4 Ba7 47. Be2 Na4 48. Ke5 Nc3 0-1

[Event "IECG CP.2006.P.00021 email"]
[White "Hoback, Benjamin"]
[Black "Boyd, Bruce"]
[Site "IECG email"]
[Round "?"]
[Result "0-1"]
[Date "2006.10.01"]
[WhiteElo "1454"]
[BlackElo "800"]
[PlyCount "50"]
[EventDate "2006.10.01"]
[EventType "tourn (corr)"]
[EventRounds "6"]
[SourceTitle "Corr 2011"]
[Source "ChessBase"]
[SourceDate "2010.08.31"]
[SourceVersion "1"]
[SourceVersionDate "2010.08.31"]
[SourceQuality "1"]

1. e4 c5 2. Nf3 g6 3. Nc3 Nc6 4. d4 cxd4 5. Nxd4 Bg7 6. Be3 Nf6 7. Be2 d6 8. h4 h5 9. f3 0-0 10. Qd2 d5 11. Nxc6 bxc6 12. e5 Ne8 13. f4 f6 14. g4 Bxg4 15. Bxg4 hxg4 16. 0-0-0 fxe5 17. fxe5 Bxe5 18. h5 Qd6 19. hxg6 Rb8 20. Bxa7 Rxb2 21. Bd4 Qa3 22. Qh6 Rb4+ 23. Kd2 Rxd4+ 24. Ke2 Re4+ 25. Nxe4 Qf3+ 0-1

[Event "IECC Swiss-503.2"]
[White "Foster, Duncan"]
[Black "Boyd, Bruce"]
[Site "IECC email"]
[Round "?"]
[Result "1/2-1/2"]
[Date "2006.04.25"]
[WhiteElo "1674"]
[BlackElo "1563"]
[PlyCount "65"]
[EventDate "2006.??.??"]
[EventType "swiss (corr)"]
[EventRounds "1"]
[SourceTitle "Corr 2020"]
[Source "ChessBase"]
[SourceDate "2019.09.30"]
[SourceVersion "1"]
[SourceVersionDate "2019.09.30"]
[SourceQuality "1"]
[WhiteTeam "England"]
[BlackTeam "United States"]
[WhiteTeamCountry "ENG"]
[BlackTeamCountry "USA"]

1. d4 Nf6 2. Bg5 c5 3. Bxf6 gxf6 4. d5 Qb6 5. Qc1 f5 6. e3 Bg7 7. c3 e6 8. Nh3 0-0 9. Bd3 Na6 10. Nd2 Nc7 11. Nf4 Nxd5 12. Nxd5 exd5 13. 0-0 Qg6 14. Rd1 d6 15. Nf1 d4 16. exd4 cxd4 17. c4 Be6 18. Qf4 Be5 19. Qf3 b6 20. Re1 Rad8 21. Ng3 Bxg3 22. hxg3 d5 23. cxd5 Rxd5 24. Qf4 Kg7 25. Rac1 Rd7 26. Rc6 Rfd8 27. a3 h6 28. Rec1 Qh5 29. Qe5+ Kg8 30. Rc8 Qg5 31. b4 Rd5 32. Rxd8+ Qxd8 33. Qf4 1/2-1/2

[Event "IECC TH-M-2567"]
[White "Williams, Derek"]
[Black "Boyd, Bruce"]
[Site "IECC email"]
[Round "?"]
[Result "0-1"]
[Date "2005.10.04"]
[WhiteElo "1618"]
[BlackElo "1377"]
[PlyCount "102"]
[EventDate "2005.??.??"]
[EventType "match (corr)"]
[EventRounds "2"]
[SourceTitle "Corr 2008"]
[Source "ChessBase"]
[SourceDate "2008.06.24"]
[SourceVersion "1"]
[SourceVersionDate "2008.06.24"]
[SourceQuality "1"]

1. d4 Nf6 2. c4 g6 3. Nc3 Bg7 4. e4 d6 5. Nf3 0-0 6. Be2 e5 7. 0-0 exd4 8. Nxd4 Nbd7 9. Bg5 Nc5 10. Qc1 Re8 11. f3 c6 12. Rd1 Qb6 13. Qd2 Nfd7 14. Be3 a5 15. Rab1 a4 16. Nc2 Re6 17. Nd4 Re5 18. b4 axb3 19. Nxb3 Nxb3 20. Rxb3 Qa5 21. Qxd6 Re8 22. Rc1 Be5 23. Qd2 Nc5 24. Rb2 f5 25. Rbc2 Rd8 26. Qe1 f4 27. Bf2 Nd3 28. Bxd3 Rxd3 29. Ne2 Qd8 30. Qf1 Be6 31. Rb1 Ra4 32. Qc1 g5 33. Bc5 b5 34. cxb5 Rxa2 35. bxc6 Rxc2 36. Qxc2 Rd2 37. Bb6 Qxb6+ 38. Rxb6 Rxc2 39. Rb5 Bg7 40. Rb8+ Kf7 41. Rb7+ Kg6 42. c7 Rxe2 43. Kf1 Rc2 44. Rb6 Kf7 45. Rb7 Bc8 46. Ra7 Bd4 47. Ra4 Be3 48. h4 Rxc7 49. hxg5 Rc2 50. Ra5 Rf2+ 51. Kg1 Ra2+ 0-1

[Event "CFriend CP-2005-P-00017"]
[White "Blom, Erik"]
[Black "Boyd, Bruce"]
[Site "Chessfriend.com"]
[Round "1"]
[Result "1-0"]
[Date "2005.10.01"]
[WhiteElo "2406"]
[BlackElo "800"]
[PlyCount "61"]
[EventDate "2005.??.??"]
[EventType "tourn (corr)"]
[EventRounds "6"]
[SourceTitle "Corr 2008"]
[Source "ChessBase"]
[SourceDate "2008.06.24"]
[SourceVersion "1"]
[SourceVersionDate "2008.06.24"]
[SourceQuality "1"]

1. e4 c6 2. d4 d5 3. e5 Bf5 4. Nc3 e6 5. g4 Bg6 6. Nge2 c5 7. h4 cxd4 8. Nxd4 h5 9. f4 hxg4 10. Bb5+ Nd7 11. f5 Bxf5 12. Nxf5 exf5 13. Qxd5 a6 14. Bg5 f6 15. 0-0-0 axb5 16. e6 Bd6 17. Nxb5 Bc5 18. exd7+ Kf8 19. Qxc5+ Ne7 20. Rhe1 b6 21. Qc4 Rc8 22. dxc8Q Qxc8 23. Qxc8+ Nxc8 24. Rd8+ Kf7 25. Rxh8 fxg5 26. h5 g3 27. Rxc8 g4 28. Nd6+ Kf6 29. Rf8+ Kg5 30. Rxf5+ Kh6 31. Nf7+ 1-0

[Event "CFriend CP-2005-P-00017"]
[White "Boyd, Bruce"]
[Black "Geluk, Peter Paul"]
[Site "Chessfriend.com"]
[Round "1"]
[Result "0-1"]
[Date "2005.10.01"]
[WhiteElo "800"]
[BlackElo "1359"]
[PlyCount "66"]
[EventDate "2005.??.??"]
[EventType "tourn (corr)"]
[EventRounds "6"]
[SourceTitle "Corr 2008"]
[Source "ChessBase"]
[SourceDate "2008.06.24"]
[SourceVersion "1"]
[SourceVersionDate "2008.06.24"]
[SourceQuality "1"]

1. d4 d5 2. Bf4 Bf5 3. e3 e6 4. Bd3 Bg6 5. Nf3 Nf6 6. 0-0 Bd6 7. Nc3 0-0 8. Qe2 Bxf4 9. exf4 Bh5 10. Ne5 Bxe2 11. Nxe2 Nbd7 12. c3 c5 13. b4 cxb4 14. cxb4 Qe7 15. a3 Rfc8 16. Rfe1 Rc7 17. Nf3 Rac8 18. Ng3 Rc3 19. Bb5 a6 20. Bf1 Qd6 21. f5 Nf8 22. Ne2 Rc2 23. fxe6 Nxe6 24. Ng3 R8c3 25. Ne2 Rb3 26. Rec1 Rxc1 27. Rxc1 Rxa3 28. Rc8+ Nf8 29. Nc1 Qxb4 30. Nd3 Qb1 31. Rc1 Qb6 32. Nde1 Ne4 33. Bd3 Ra2 0-1

[Event "IECC TH-M-2562"]
[White "Pivirotto, Filiberto"]
[Black "Boyd, Bruce"]
[Site "IECC email"]
[Round "?"]
[Result "1-0"]
[Date "2005.09.08"]
[WhiteElo "1547"]
[BlackElo "1430"]
[PlyCount "71"]
[EventDate "2005.??.??"]
[EventType "match (corr)"]
[EventRounds "2"]
[SourceTitle "Corr 2008"]
[Source "ChessBase"]
[SourceDate "2008.06.24"]
[SourceVersion "1"]
[SourceVersionDate "2008.06.24"]
[SourceQuality "1"]

1. d4 Nf6 2. c4 g6 3. Nc3 Bg7 4. e4 d6 5. Nf3 0-0 6. Be2 e5 7. d5 Na6 8. 0-0 Nc5 9. Qc2 a5 10. Bg5 h6 11. Be3 Re8 12. Rad1 Nh5 13. Bxc5 dxc5 14. Nb5 Ra6 15. Ne1 Rf6 16. Bxh5 gxh5 17. Qa4 h4 18. Nxc7 Qxc7 19. Qxe8+ Kh7 20. d6 Rxd6 21. Rxd6 Qxd6 22. Qxc8 b6 23. Nf3 Qg6 24. Re1 Qf6 25. Qg4 h3 26. Qxh3 a4 27. Qd7 Qg6 28. Qxa4 Qd6 29. Rd1 Qg6 30. Qa8 Qg4 31. Rd6 Qf4 32. Nd2 Qg4 33. Rxb6 Qd1+ 34. Nf1 Qd7 35. Qd5 Qe8 36. Qxc5 1-0